000 00268nam a2200133Ia 4500
100 _aVaze/ H.V.
942 _cBK
654 _aKasli Welder
245 _aKasli Welder
260 _bTech. Science.
_aPune
_c1969
082 _a671.52
546 _aENGLISH
999 _c25525
_d25525